00413nam a2200145Ia 4500003000400000008004100004040001600045082001800061100002500079245006200104260005900166300001200225650001300237650001700250GCL140319s9999 xx 000 0 eng d aGCL / cGCL04a591.0932bH A1 aHOULIHAN, F. PATRICK10aTHE ANIMAL WORLD OF THE PHARAOHS / cHOULIHAN, F. PATRICK a[S.N] : bAMERICAN UNIVERSITY IN CAIRO PRESS ، c1995 a245 P P04aPHARAOHS04aANIMAL WORLD